Billboard #1 Hits of 2010 - Statistics

General Stats
  • This quiz has been taken 140 times
  • The average score is 11 of 17
Answer Stats
Hint Extra Hint Explanation Answer % Correct
Firework 18 December (2 wks.) Listen on YouTube Katy Perry
88%
Tik Tok 2 January (9 wks.) Listen on YouTube Kesha
87%
Teenage Dream 18 September (2 wks.) Listen on YouTube Katy Perry
80%
Just the Way You Are 2 October (4 wks.) Listen on YouTube Bruno Mars
79%
Only Girl (In the World) 4 December (1 wk.) Listen on YouTube Rihanna
77%
Raise Your Glass 11 December (1 wk.) Listen on YouTube P!nk
75%
Love the Way You Lie 31 July (7 wks.) Listen on YouTube Eminem featuring Rihanna
72%
Not Afraid 22 May (1 wk.) Listen on YouTube Eminem
68%
Rude Boy 27 March (5 wks.) Listen on YouTube Rihanna
60%
Nothin' on You 1 May (2 wks.) Listen on YouTube B.o.B featuring Bruno Mars
59%
Like a G6 30 October (2 wks.) Listen on YouTube Far East Movement featuring The Cataracs and Dev
59%
Break Your Heart 20 March (1 wk.) Listen on YouTube Taio Cruz featuring Ludacris
57%
OMG 15 May (1 wk.)
29 May (3 wks.)
Listen on YouTube Usher featuring will.i.am
57%
Imma Be 6 March (2 wks.) Listen on YouTube The Black Eyed Peas
56%
California Gurls 19 June (6 wks.) Listen on YouTube Katy Perry featuring Snoop Dogg
55%
We R Who We R 13 November (1 wk.) Listen on YouTube Kesha
52%
What's My Name? 20 November (1 wk.) Listen on YouTube Rihanna featuring Drake
36%
No matching quizzes found
Score Distribution
Percent of People with Each Score
Percentile by Number Answered
Your Score History
You have not taken this quiz